Catalog

Record Details

Catalog Search



Saving American Beach : the biography of African ... Read More

Holmes, Ekua,(illustrator.).

Available copies

  • 3 of 3 copies available at LARL/NWRL Consortium. (Show)
  • 1 of 1 copy available at Northwest Regional Library.

Current holds

0 current holds with 3 total copies.

Show Only Available Copies
Location Call Number / Copy Notes Barcode Shelving Location Status Due Date
Thief River Falls Public Library e 333.7209 KIN (Text) 35500006494510 Main Available -

Record details

  • ISBN: 9781101996294
  • ISBN: 1101996293
  • Physical Description: pages cm
  • Publisher: New York, NY : G.P. Putnam's Sons, [2021]

Content descriptions

Summary, etc.:
"A biography of MaVynee Betsch, an African ... Read More
Target Audience Note:
Ages 4-8 G. P. Putnam's Sons.
Grades K-1 G. P. Putnam's Sons.
Subject: Betsch, MaVynee, 1935-2005 > Juvenile literature.
African American environmentalists > United States > Biography > Juvenile literature.
African American singers > United States > Biography > Juvenile literature.
Betsch, MaVynee, 1935-2005.
African American environmentalists.
African American singers.
United States.
Genre: Biographies.
Juvenile works.
LDR 02191cam a22004818i 4500
001362494
003LARL_NWRL_CONSORTIUM
00520210319124747.0
008200623s2021 nyu j 000 0beng
010 . ‡a 2020027063
040 . ‡aDLC ‡beng ‡erda ‡cDLC ‡dOCLCO ‡dOCLCF
020 . ‡a9781101996294 ‡q(hardcover)
020 . ‡a1101996293
020 . ‡z9781101996324 ‡q(kindle edition)
020 . ‡z9781101996300 ‡q(epub)
035 . ‡a(OCoLC)1162528923
042 . ‡apcc ‡alcac
08200. ‡a333.72092 ‡aB ‡223
1001 . ‡aKing, Heidi Tyline, ‡d1966- ‡eauthor.
24510. ‡aSaving American Beach : ‡bthe biography of African American environmentalist MaVynee Betsch / ‡cwritten by Heidi Tyline King ; illustrated by Caldecott honoree Ekua Holmes.
264 1. ‡aNew York, NY : ‡bG.P. Putnam's Sons, ‡c[2021]
300 . ‡apages cm
336 . ‡atext ‡btxt ‡2rdacontent
337 . ‡aunmediated ‡bn ‡2rdamedia
338 . ‡avolume ‡bnc ‡2rdacarrier
520 . ‡a"A biography of MaVynee Betsch, an African American opera singer turned environmentalist who worked to preserve American Beach, Florida as a historical landmark"-- ‡cProvided by publisher.
521 . ‡aAges 4-8 ‡bG. P. Putnam's Sons.
521 . ‡aGrades K-1 ‡bG. P. Putnam's Sons.
60010. ‡aBetsch, MaVynee, ‡d1935-2005 ‡vJuvenile literature.
650 0. ‡aAfrican American environmentalists ‡zUnited States ‡vBiography ‡vJuvenile literature.
650 0. ‡aAfrican American singers ‡zUnited States ‡vBiography ‡vJuvenile literature.
60017. ‡aBetsch, MaVynee, ‡d1935-2005. ‡2fast
650 7. ‡aAfrican American environmentalists. ‡2fast
650 7. ‡aAfrican American singers. ‡2fast ‡0(LARL_NWRL_CONSORTIUM)13012
651 7. ‡aUnited States. ‡2fast ‡0(LARL_NWRL_CONSORTIUM)54625
655 7. ‡aBiographies. ‡2fast
655 7. ‡aJuvenile works. ‡2fast
7001 . ‡aHolmes, Ekua, ‡eillustrator.
77608. ‡iOnline version: ‡aKing, Heidi Tyline, ‡tSaving american beach ‡dNew York, NY : G. P. Putnam's Sons, 2021. ‡z9781101996324 ‡w(DLC) 2020027064
905 . ‡uvanderl
901 . ‡a362494 ‡b ‡c362494 ‡tbiblio ‡soclc

Additional Resources